000 00495nam a2200217Ia 4500
001 13098
003 GE_BSU
008 181216s||||||||xx |||||||||||||| ||und||
020 _a9781847561282
040 _cGE_BSU
080 _a821.111-32
100 _aWhite,Neil.
245 _aDead Silent.
245 _cBy the same author:Fallen Idois,Lost Souls,Last Rites.
260 _aLondon.
260 _bAvon.
260 _c2010
300 _a488p;18cm.
653 _aDead Silent.
942 _cBK
999 _c46264
_d46264